000 00484nam a2200217Ia 4500
001 13839
003 GE_BSU
008 181216s||||||||xx |||||||||||||| ||und||
020 _a0713610077
040 _cGE_BSU
080 _a821.111-3
100 _aUnstead,B.J.
245 4 _aThe Story of Britain.
245 _cIllustrated by Victor Ambrus.
260 _aLondon.
260 _c1969
300 _a328p;24cm.
300 _bill.
653 _aThe Story of Britain.
942 _cBK
999 _c46985
_d46985